C# dành cho người tự học

Na minha lista:
Detalhes bibliográficos
Autor principal: Phạm, Phương Hoa
Outros Autores: Trần, Tường Thụy
Formato: Livro
Idioma:Vietnamese
Publicado em: Hà Nội Từ điển Bách khoa 2013
Assuntos:
C#
Tags: Adicionar Tag
Sem tags, seja o primeiro a adicionar uma tag!
Thư viện lưu trữ: Trung tâm Học liệu Lê Vũ Hùng, Trường Đại học Đồng Tháp
LEADER 00808pam a22002538a 4500
001 00040889
005 20180124150134.0
008 150825s2015 ||||||viesd
020 # # |c 76000 
041 0 # |a Vie 
082 1 4 |a 006.6  |b C000D 
100 1 # |a Phạm, Phương Hoa 
245 1 0 |a C# dành cho người tự học  |c Phạm Phương Hoa; Trần Tường Thụy 
260 # # |a Hà Nội  |b Từ điển Bách khoa  |c 2013 
300 # # |a 319 tr.  |c 24 cm. 
653 # # |a C# 
653 # # |a ứng dụng 
653 # # |a tự học 
653 # # |a Phần mềm 
653 # # |a lập trình 
700 1 # |a Trần, Tường Thụy 
852 # # |j KD.0023149  |j KM.0024107 
910 0 # |a kchi  |d 24/01/2018 
980 # # |a Trung tâm Học liệu Lê Vũ Hùng, Trường Đại học Đồng Tháp